Top 15 dei paesi con decessi Covid-9 - 21 luglio 2021 - Statistics

Statistiche generali
  • Questo quiz è stato fatto 3 volte
  • Il punteggio medio è 11 su 25
Statistiche sulle risposte
paese % Corretto
Francia
100%
Italia
100%
Regno Unito
100%
Spagna
100%
Stati Uniti
100%
Belgio
67%
Brasile
67%
Colombia
67%
Germania
67%
India
67%
Russia
67%
Argentina
33%
Cechia
33%
Indonesia
33%
Iran
33%
Messico
33%
Paraguay
33%
Perù
33%
Bosnia ed Erzegovina
0%
Bulgaria
0%
Croazia
0%
Macedonia del Nord
0%
Slovacchia
0%
Slovenia
0%
Ungheria
0%
Nessun quiz corrispondente trovato
Distribuzione punteggi
Percentuale di utenti per punteggio
Percentile per numero di risposta
I tuoi punteggi nel tempo
Non hai fatto questo quiz